| 000 | 00393nam a22001577a 4500 | ||
|---|---|---|---|
| 005 | 20171208100424.0 | ||
| 008 | 150519b xxu||||| |||| 00| 0 eng d | ||
| 020 | _a9780073406817 | ||
| 020 | _a0073406813 | ||
| 041 | 0 | _aeng | |
| 080 | _a047 | ||
| 100 | _a40 | ||
| 101 | _aMAC | ||
| 245 | 0 | 0 |
_aInterviewing: _cCharles J. Stewart, William B. Cash, Jr. |
| 942 |
_2udc _cBK |
||
| 999 |
_c823 _d823 |
||